Most Followed Streamers - Statistics

General Stats
  • This quiz has been taken 41 times
  • The average score is 3 of 15
Answer Stats
Rank Answer % Correct
#2 Ninja
64%
#14 Caseoh_
50%
#5 xQc
47%
#12 Jynxzi
42%
#10 pokimane
36%
#8 Tfue
19%
#1 Ibai
11%
#4 Rubius
11%
#13 Clix
8%
#11 sodapoppin
8%
#6 TheGrefg
3%
#15 alanzoka
0%
#3 Auronplay
0%
#9 ElMariana
0%
#7 Juansgaurnizo
0%
No matching quizzes found
Score Distribution
Percent of People with Each Score
Percentile by Number Answered
Your Score History
You have not taken this quiz